Po štyroch rokoch Sociálna sféra
Analýza plnenia programových zámerov politických strán SR v rokoch 2002 - 2006 v sociálnej sfére. Sľuby, zámery a volebné programy strán ANO, KDH, SDKÚ a SMK v roku 2002 v dôchodkovom systéme, v sociálnej pomoci a riešení nezamestnanosti, vo výchove a vzdelávaní a v zdravotníctve.
Salvato in:
| Autore principale: | |
|---|---|
| Natura: | Capitolo di libro |
| Lingua: | slovacco |
| Soggetti: | |
| Tags: |
Nessun Tag, puoi essere il primo ad aggiungerne!!
|
MARC
| LEADER | 00000naa$a2200000$$$4500 | ||
|---|---|---|---|
| 001 | 0046994 | ||
| 005 | 20240502114322.5 | ||
| 041 | 0 | |a slo | |
| 044 | |a SK | ||
| 245 | 1 | 0 | |a Po štyroch rokoch |b Sociálna sféra |c Ján Solík |
| 520 | |a Analýza plnenia programových zámerov politických strán SR v rokoch 2002 - 2006 v sociálnej sfére. Sľuby, zámery a volebné programy strán ANO, KDH, SDKÚ a SMK v roku 2002 v dôchodkovom systéme, v sociálnej pomoci a riešení nezamestnanosti, vo výchove a vzdelávaní a v zdravotníctve. | ||
| 610 | 2 | 0 | |a analýza sociálna |
| 610 | 2 | 0 | |a politika sociálna |
| 610 | 2 | 0 | |a strany politické |
| 610 | 2 | 0 | |a strany vládne |
| 610 | 2 | 0 | |a pomoc sociálna |
| 610 | 2 | 0 | |a vzdelávanie |
| 610 | 2 | 0 | |a systémy dôchodkové |
| 610 | 2 | 0 | |a zdravotníctvo |
| 100 | 1 | |a Solík, Ján | |